000 00672cam a22002413a 4500
001 12111
003 PGUSA
005 20140828083245.0
008 040401s2004||||xxu|||||s|||||000 | eng d
040 _aPGUSA
_beng
042 _adc
050 4 _aDA
245 1 4 _aThe Glories of Ireland
_h[electronic resource]
260 _bProject Gutenberg,
_c2004
506 _aPublic domain in the USA.
516 _aElectronic text
653 _aIreland -- Civilization
700 1 _aLennox, P. J.
_q(Patrick Joseph),
_d1862-1943
700 1 _aDunn, Joseph,
_d1872-1951
830 0 _aProject Gutenberg
_v12111
856 4 0 _uhttp://www.gutenberg.org/ebooks/12111
942 _cEB
999 _c241366
_d241366